| 000 | 00683nam a2200217Ia 4500 | ||
|---|---|---|---|
| 001 | 15302 | ||
| 003 | GE_BSU | ||
| 008 | 181216s||||||||xx |||||||||||||| ||und|| | ||
| 040 | _cGE_BSU | ||
| 080 | _a821.353.1-32 | ||
| 100 | _aყაზბეგი, ალექსანდრე | ||
| 245 | _aრჩეული [მოთხრობები] | ||
| 245 | _cბოლოსიტყვ.გ.ასათიანის | ||
| 260 | _aთბილისი | ||
| 260 | _bსაბჭოთა საქართველო | ||
| 260 | _c1974 | ||
| 300 | _a845გვ.ილ.22სმ. | ||
| 653 | _aმოთხრობები | ||
| 653 | _aრჩეული | ||
| 942 | _cBK | ||
| 999 |
_c48410 _d48410 |
||